[Event "Elista ol (Men)"]
[Site "Elista"]
[Date "1998.10.01"]
[Round "3"]
[White "Ahmad, Aziz"]
[Black "Van Wely, Loek"]
[Result "0-1"]
[WhiteElo "2350"]
[BlackElo "2635"]

1.e4 c5 2.Nf3 d6 3.c3 Nf6 4.Be2 g6 5.O-O Bg7 6.Bb5+ Bd7 7.Bxd7+ Qxd7 8.Re1 O-O
9.d4 Na6 10.Bg5 cxd4 11.cxd4 d5 12.Bxf6 exf6 13.exd5 Nb4 14.Qb3 Nxd5 15.Nc3 Nf4
16.Ne2 Ne6 17.Rac1 Rac8 18.Rc3 Ng5 19.Nxg5 fxg5 20.Rec1 Rce8 21.Rc7 Qg4 22.Ng3 Bxd4
23.Qxb7 Rb8 24.Qd5 Qf4 25.Ne4 Rfd8 26.Qc4 Rxb2 27.Rf1 g4 28.a4 h5 29.Re7 Rxf2
30.Rc7 Rc8 31.Re7 Rd8  0-1

[Event "Vlissingen HZ op"]
[Site "Vlissingen"]
[Date "1998.??.??"]
[Round "3"]
[White "Groffen, Hans"]
[Black "Van Wely, Loek"]
[Result "0-1"]
[WhiteElo "2220"]
[BlackElo "2605"]

1.d4 Nf6 2.c4 g6 3.Nc3 d5 4.cxd5 Nxd5 5.Na4 Bg7 6.e4 Nb6 7.Be3 O-O 8.Nf3 Bg4
9.Nc5 Nc6 10.d5 Ne5 11.Rc1 c6 12.Nxb7 Qb8 13.Ba6 cxd5 14.exd5 Nxf3+ 15.gxf3 Bc8
16.Nc5 Qe5 17.Bc4 Nxc4 18.Rxc4 Rd8 19.b4 Rxd5 20.Qc1 Bh3 21.Ke2 Rad8 22.Re4 Qh5
23.Rg1 Bf5 24.Rg5 Qxh2 25.Bf4 Qh4 26.Rc4 Rxc5 27.Bd6  0-1

[Event "Vlissingen HZ op"]
[Site "Vlissingen"]
[Date "1998.??.??"]
[Round "5"]
[White "Bosboom, Manuel"]
[Black "Van Wely, Loek"]
[Result "1/2-1/2"]
[WhiteElo "2450"]
[BlackElo "2605"]

1.e4 c5 2.Nf3 Nc6 3.d3 g6 4.g3 Bg7 5.Bg2 Nf6 6.O-O d5 7.Nbd2 O-O 8.Re1 h6
9.c3 e5 10.exd5 Nxd5 11.Qb3 Nc7 12.Nc4 Re8 13.Nfd2 Ne6 14.Ne4 Bf8 15.a4 Kg7
16.a5 Rb8 17.h4 Be7 18.Ned2 Qc7 19.Ne3 Nxa5 20.Qb5 Nc6 21.Nd5 Qd7 22.Nxe7 Rxe7
23.Bxc6 Qxc6 24.Qxc6 bxc6 25.Rxe5 Rd7 26.Re3 Rbb7 27.Nc4 Rd5 28.Kf1 f6 29.Ke2 g5
30.Re4 Kg6 31.hxg5 hxg5 32.Ne3  1/2-1/2

[Event "Vlissingen HZ op"]
[Site "Vlissingen"]
[Date "1998.??.??"]
[Round "7"]
[White "Van der Wiel, John TH"]
[Black "Van Wely, Loek"]
[Result "1/2-1/2"]
[WhiteElo "2525"]
[BlackElo "2605"]

1.e4 c5 2.Nf3 Nc6 3.d4 cxd4 4.Nxd4 Nf6 5.Nc3 e5 6.Ndb5 d6 7.Bg5 a6 8.Na3 b5
9.Bxf6 gxf6 10.Nd5 f5 11.c3 Bg7 12.exf5 Bxf5 13.Nc2 O-O 14.Nce3 Be6 15.Bd3 f5
16.Bc2 Ne7 17.Nxe7+ Qxe7 18.Bxf5 Kh8 19.Bxe6 Qxe6 20.Qd5 Qg6 21.Rd1 Bh6 22.O-O Rad8
23.c4 Bxe3 24.fxe3 Rxf1+ 25.Rxf1 bxc4 26.Qxc4 d5 27.Qh4 Rg8 28.g3 Qb6 29.Rf7 Qxe3+
30.Kg2 Qe4+ 31.Qxe4 dxe4 32.Kf2 a5 33.Rb7 Rc8 34.Ke3 Rc2 35.Kxe4 Rxh2 36.Kxe5 a4
37.a3 Kg8 38.g4 Rg2 39.Rb4 Kg7 40.Kd5 Kg6 41.Kc5 Kg5 42.Rxa4 Rxb2 43.Re4 Rc2+
44.Kb6 Rb2+ 45.Ka6 Rb3 46.a4 h6 47.a5 Rb1 48.Ka7 Rb5 49.a6 Rb1 50.Re6 Rb4
51.Rb6 Rxg4 52.Rb1 Re4 53.Kb6 Re6+ 54.Ka5 Re8 55.a7 Ra8 56.Ka6 h5 57.Rb8 Rxa7+
58.Kxa7 h4 59.Kb6 h3 60.Kc5 Kf4 61.Rh8 Kg3 62.Kd4 h2 63.Ke3 Kg2 64.Rg8+ Kf1
65.Rf8+ Kg2 66.Rg8+  1/2-1/2

[Event "Hoogovens 5'"]
[Site "Wijk aan Zee"]
[Date "1999.01.18"]
[Round "7"]
[White "Reinderman, Dimitri"]
[Black "Van Wely, Loek"]
[Result "1-0"]
[WhiteElo "2542"]
[BlackElo "2636"]

1.c4 e5 2.Nc3 Nf6 3.Nf3 Nc6 4.e4 Bc5 5.Nxe5 Nxe5 6.d4 Bb4 7.dxe5 Nxe4 8.Qd4 Nxc3
9.bxc3 Be7 10.Qg4 O-O 11.Bh6 g6 12.Bxf8 Bxf8 13.Qg3 d6 14.Be2 Qe8 15.O-O dxe5
16.Rfe1 Bg7 17.Rab1 Qe7 18.Qe3 c6 19.a4 Be6 20.Red1 Qc7 21.c5 Re8 22.h3 h5
23.Rb4 Kh7 24.Bc4 a5 25.Bxe6 axb4 26.Bb3 bxc3 27.Qxc3 e4 28.Qc4 Re7 29.Re1 Qe5
30.Bc2 f5 31.Bb3 h4 32.a5 Rd7 33.Rb1 Qf4 34.Rd1 Re7 35.Rd6 Qc1+ 36.Qxc1  1-0

[Event "Amber Rapidplay"]
[Site "Monte Carlo"]
[Date "1999.03.16"]
[Round "1"]
[White "Van Wely, Loek"]
[Black "Shirov, Alexei"]
[Result "1-0"]
[WhiteElo "2632"]
[BlackElo "2726"]

1.d4 Nf6 2.c4 g6 3.Nc3 d5 4.Nf3 Bg7 5.Bg5 Ne4 6.Bf4 Nxc3 7.bxc3 c5 8.cxd5 Qxd5
9.e3 cxd4 10.cxd4 Nc6 11.Be2 Qa5+ 12.Qd2 O-O 13.Qxa5 Nxa5 14.Bc7 b6 15.Kd2 Be6
16.Rhc1 Rac8 17.Ba6 Bxa2 18.Bxc8 Nb3+ 19.Kd1 Rxc8 20.Rxa2 Nxc1 21.Rxa7 Nd3
22.Ke2 Nc1+ 23.Kd2 Nb3+ 24.Kd3 b5 25.Rb7 Nc1+ 26.Kc2 Na2 27.Kb3 Nc1+ 28.Kc2 Na2
29.Kd2 b4 30.Ba5 Ra8 31.Bxb4 Nxb4 32.Rxb4 Ra2+ 33.Ke1 Bf6 34.g4 e6 35.Rb7 h6
36.h4 Ra5 37.Kf1 e5 38.dxe5 Bxe5 39.Kg2 Bf6 40.Rb4 Kg7 41.Kg3 Be5+ 42.Kh3 Bf6
43.Re4 Rc5 44.Re8 Rd5 45.Kg3 Bd8 46.Kf4 Bc7+ 47.Ke4 Ra5 48.Re7 Ra4+ 49.Kd3 Bd8
50.Rd7 Bf6 51.g5 hxg5 52.hxg5 Ba1 53.Nd2 Ra3+ 54.Ke2 Ra2 55.Kf3 Bc3 56.Ne4 Bb4
57.Rb7 Ra4 58.Nf6 Bc3 59.Ne4 Bb4 60.Rd7 Ra5 61.Kg4 Re5 62.Rd4 Be7 63.f4 Re6
64.Kf3 Kf8 65.Ra4 Rc6 66.Ra8+ Kg7 67.Ra7 Kf8 68.Nf2 Rc8 69.Ng4 Rb8 70.Ne5 Rc8
71.Rb7 Re8 72.Nd7+ Kg7 73.e4 Ra8 74.e5 Ra6 75.Nf6 Bf8 76.Rb1 Ra3+ 77.Kg4 Be7
78.Rh1 Bxf6 79.gxf6+ Kg8 80.Rb1 Ra8 81.Rb7 Re8 82.Kg5 Kf8 83.Kh6 Rc8 84.e6 fxe6
85.Kxg6  1-0

[Event "Amber Rapidplay"]
[Site "Monte Carlo"]
[Date "1999.03.18"]
[Round "3"]
[White "Van Wely, Loek"]
[Black "Ljubojevic, Ljubomir"]
[Result "1-0"]
[WhiteElo "2632"]
[BlackElo "2571"]

1.d4 Nf6 2.c4 e6 3.Nf3 b6 4.g3 Bb4+ 5.Bd2 Be7 6.Bg2 Bb7 7.O-O c5 8.d5 exd5
9.Nh4 Bc6 10.Nf5 O-O 11.cxd5 Nxd5 12.Nxg7 Bf6 13.Bxd5 Bxd5 14.Nh5 Bxb2 15.Nc3 Be6
16.Rb1 Bg4 17.Rxb2 Bxh5 18.Bh6 Nc6 19.Bxf8 Kxf8 20.Qd6+ Kg7 21.Rd2 Bg4 22.Nd5 Qg5
23.Nf4 Re8 24.h4 Qe5 25.f3 Be6 26.Kf2 Qc3 27.Rfd1 Ne5 28.Nh5+ Kg6 29.Rc2 Nc4
30.Nf4+ Kg7 31.Rxc3 Nxd6 32.Rxd6 Bxa2 33.Rxd7 a5 34.Rb7 c4 35.Rxb6 a4 36.Rb4 Bb3
37.Rbxc4 Bxc4 38.Rxc4 Ra8 39.Rc2 Kf6 40.Ra2 Ke5 41.Ke3 a3 42.Kd3 f5 43.Kc4 Rg8
44.Rxa3 Rxg3 45.Nd5 Rg1 46.f4+ Ke6 47.Ra6+ Kd7 48.Kd4  1-0

[Event "NED-chT Playoff"]
[Site "Breda"]
[Date "1999.05.13"]
[Round "1"]
[White "Hoffmann, Michael"]
[Black "Van Wely, Loek"]
[Result "0-1"]
[WhiteElo "2407"]
[BlackElo "2632"]

1.e4 c5 2.Nf3 d6 3.d4 cxd4 4.Nxd4 Nf6 5.Nc3 a6 6.Be2 e6 7.O-O Be7 8.f4 O-O
9.Be3 Nc6 10.Qe1 Nxd4 11.Bxd4 b5 12.a3 Bb7 13.Qg3 Bc6 14.Rad1 Qb8 15.Bf3 Qb7
16.Rfe1 Rfd8 17.Nd5 Ne8 18.Nxe7+ Qxe7 19.e5 Bxf3 20.Qxf3 dxe5 21.fxe5 Nc7
22.c3 a5 23.Rd3 b4 24.a4 bxc3 25.bxc3 Nd5 26.Rf1 Rac8 27.Qh5 g6 28.Qe2 Rc7
29.Rdf3 Qf8 30.Qb5 Ra8 31.h3 Qe8 32.Rb1 Qc8 33.Rbf1 Rb7 34.Qe2 Qe8 35.Qf2 Rab8
36.c4 Nb4 37.Bc5 Rc8 38.Bxb4 axb4 39.a5 Ra8 40.Qc5 Qa4 41.Rb1 Qxa5 42.Qxa5 Rxa5
43.Rfb3 Rxe5 44.Rxb4 Rc7 45.Rc1 Kg7 46.Rb8 Rcc5 47.Rb7 h5 48.Rf1 Rf5 49.Rxf5 gxf5
50.Rb4 Kf6 51.Kf2 Ke5 52.Ke3 Ra5 53.Rb3 Ra2 54.Rb5+ Kd6 55.Kf3 Rc2 56.Rb7 Rxc4
57.Rxf7 h4 58.Rh7 e5 59.Rh5 Ke6 60.Rh6+ Kf7 61.Ra6 Kg7 62.Re6 Rc3+ 63.Kf2 e4
64.Ke2 Rg3 65.Kf2 Rg6 66.Re8 Rg5 67.Re7+ Kh6 68.Re8 Rg3 69.Rh8+ Kg5 70.Rg8+ Kf4
71.Rh8 e3+ 72.Kf1 e2+ 73.Kxe2 Rxg2+ 74.Kf1 Ra2 75.Rb8 Ra3 76.Kg2 Rg3+ 77.Kh2 Rd3
78.Kg2 Rg3+ 79.Kh2 Re3 80.Kg2 Re2+ 81.Kf1 Kf3 82.Rb3+ Re3 83.Rb8 Kg3  0-1

[Event "Frankfurt Ordix op"]
[Site "Frankfurt"]
[Date "1999.07.04"]
[Round "8"]
[White "Boidman, Yuri"]
[Black "Van Wely, Loek"]
[Result "0-1"]
[WhiteElo "2418"]
[BlackElo "2632"]

1.e4 c5 2.Nf3 d6 3.d4 cxd4 4.Qxd4 Nc6 5.Bb5 Bd7 6.Bxc6 Bxc6 7.Nc3 Nf6 8.Bg5 e6
9.O-O-O Be7 10.Qd3 Qa5 11.h4 O-O 12.Nd4 Rfc8 13.f4 Be8 14.f5 Bd7 15.Nb3 Qe5
16.Rhf1 Qh2 17.Rh1 Qe5 18.Rhf1 Qh2 19.g3 h6 20.Rh1 Qg2 21.Rdg1 Qf2 22.Be3 Qf3
23.Nd4 Qg4 24.Rf1 e5 25.Nde2 b5 26.Nd1 Qxe4  0-1

[Event "Frankfurt Ordix op"]
[Site "Frankfurt"]
[Date "1999.07.04"]
[Round "9"]
[White "Van Wely, Loek"]
[Black "Gofshtein, Leonid D"]
[Result "1-0"]
[WhiteElo "2632"]
[BlackElo "2517"]

1.d4 Nf6 2.c4 e6 3.Nf3 d5 4.Nc3 c5 5.cxd5 Nxd5 6.e4 Nxc3 7.bxc3 cxd4 8.cxd4 Bb4+
9.Bd2 Bxd2+ 10.Qxd2 O-O 11.Bc4 b6 12.d5 Ba6 13.Bxa6 Nxa6 14.d6 Nc5 15.e5 f6
16.O-O fxe5 17.Nxe5 Qf6 18.f4 Rad8 19.Rad1 Kh8 20.Qd4 Nd7 21.Rf3 Nc5 22.d7 Qf5
23.Ra3 Qc2 24.Rxa7 Rxf4 25.Qd2 Qe4 26.Nc6 Qxc6 27.Qxf4 Kg8 28.Qd6 Qxd6 29.Rxd6 Kf8
30.Rxb6 Ke7 31.Rc7 Nxd7 32.a4 Ra8 33.Rbb7 Rd8 34.a5 Kd6 35.Rc1 Nf6 36.a6 Nd5
37.a7 Ra8 38.Rxg7 h6 39.Rb1 Nc7 40.Rb7  1-0

[Event "Frankfurt Ordix op"]
[Site "Frankfurt"]
[Date "1999.07.04"]
[Round "11"]
[White "Van Wely, Loek"]
[Black "Giorgadze, Giorgi"]
[Result "1-0"]
[WhiteElo "2632"]
[BlackElo "2609"]

1.d4 d5 2.c4 e6 3.Nc3 Bb4 4.Nf3 Nf6 5.Bg5 Nbd7 6.cxd5 exd5 7.Qc2 O-O 8.a3 Bxc3+
9.Qxc3 c6 10.e3 Qe8 11.Qc2 Ne4 12.Bf4 Qe7 13.Bd3 f5 14.h4 Ndf6 15.Ne5 Nh5
16.g3 Be6 17.Qd1 Nxf4 18.gxf4 c5 19.dxc5 Nxc5 20.Nf3 d4 21.Nxd4 Rad8 22.Bc2 Bd5
23.Rg1 Be4 24.Bxe4 Qxe4 25.Kf1 Kh8 26.Qe2 Ne6 27.Nxe6 Qxe6 28.Rd1 Rxd1+ 29.Qxd1 Qf6
30.Qb3 b6 31.h5 Qh4 32.Qc3 Qf6 33.Qxf6 Rxf6 34.Ke2 Kg8 35.Rc1 a5 36.Rc8+ Kf7
37.Rc7+ Kf8 38.b4 axb4 39.axb4 Rh6 40.Rb7 Rxh5 41.Rxb6 Rh1 42.Rb7 Rb1 43.b5 h5
44.Kf3 h4 45.Kg2 Rb2 46.b6 Kg8 47.Kh3 Rxf2 48.Kxh4 Re2 49.Rc7 Kh7 50.b7 Rb2
51.Kg5 Rb5 52.Rd7 Rb3 53.Kxf5 Kh6 54.e4 Rb4 55.e5 g6+ 56.Ke6 Kh5 57.f5 Rb6+
58.Kf7 gxf5 59.e6  1-0

[Event "Dutch Open"]
[Site "Dieren"]
[Date "1999.07.23"]
[Round "4"]
[White "Van Wely, Loek"]
[Black "Gustafsson, Jan"]
[Result "1-0"]
[WhiteElo "2629"]
[BlackElo "2436"]

1.Nf3 c5 2.c4 g6 3.Nc3 Bg7 4.d4 cxd4 5.Nxd4 Nc6 6.Nc2 d6 7.Bd2 Nf6 8.e4 O-O
9.Be2 Nd7 10.O-O Nc5 11.b4 Bxc3 12.Bxc3 Nxe4 13.Bb2 Be6 14.b5 Ne5 15.Qd4 Nf6
16.f4 Neg4 17.h3 Nh6 18.g4 Rc8 19.Ne3 Bd7 20.g5 e5 21.Qxd6 Ne8 22.Qxe5 f6
23.Qd5+ Nf7 24.gxf6 Nxf6 25.Qd4 Bxh3 26.Qxf6 Qxf6 27.Bxf6 Bxf1 28.Bxf1 Nd6
29.Be5 Nf7 30.Bb2 Nd6 31.Rd1 Rfd8 32.Bf6 Re8 33.Rxd6 Rxe3 34.Bg2 Kf7 35.Bxb7  1-0

[Event "Dutch Open"]
[Site "Dieren"]
[Date "1999.07.24"]
[Round "5"]
[White "Van Wely, Loek"]
[Black "Mikhalevski, Victor"]
[Result "1-0"]
[WhiteElo "2629"]
[BlackElo "2516"]

1.Nf3 Nf6 2.c4 g6 3.Nc3 d5 4.Qa4+ Bd7 5.Qb3 dxc4 6.Qxc4 Nc6 7.d4 Bg7 8.e4 Bg4
9.d5 Bxf3 10.gxf3 Ne5 11.Qa4+ Nfd7 12.Be2 O-O 13.f4 Nb6 14.Qb3 Ned7 15.Be3 c6
16.dxc6 bxc6 17.h4 Rb8 18.Qc2 e5 19.h5 exf4 20.Bxf4 Ne5 21.Rd1 Qf6 22.Qc1 Rbd8
23.Kf1 Rxd1+ 24.Nxd1 Re8 25.b3 Ned7 26.f3 Qa1 27.Qxa1 Bxa1 28.Nf2 Bd4 29.Ng4 Nf8
30.Be3 Bg7 31.Kf2 Ne6 32.Rd1 Rd8 33.Rxd8+ Nxd8 34.h6 Bc3 35.Bd3 Ne6 36.f4 Nf8
37.e5 Nfd7 38.Be4 c5 39.Bc6 Bb4 40.Kf3 Kf8 41.Ke4 a6 42.f5 c4 43.fxg6 hxg6
44.Nf6 cxb3 45.axb3 Nc5+ 46.Bxc5+ Bxc5 47.Be8 a5 48.h7 Kg7 49.Bxf7 g5 50.Bg6 a4
51.bxa4 Nxa4 52.Ne8+ Kh8 53.Nd6 Bxd6 54.exd6 Nb6 55.Kf5 g4 56.Kf4 Kg7 57.Bd3 Nd7
58.Kxg4 Ne5+ 59.Kg3 Kh8 60.Bf5 Kg7 61.Kf4 Nf7 62.d7 Nd8 63.Ke5 Nb7 64.Kd5 Nd8
65.Kd6 Nf7+ 66.Ke7 Ne5 67.h8=Q+  1-0

[Event "Lost Boys op"]
[Site "Antwerp"]
[Date "1999.07.30"]
[Round "1"]
[White "Mensch, Etienne"]
[Black "Van Wely, Loek"]
[Result "1-0"]
[WhiteElo "2281"]
[BlackElo "2629"]

1.d4 Nf6 2.c4 g6 3.f3 Bg7 4.e4 d6 5.Nc3 O-O 6.Be3 a6 7.Qd2 c6 8.O-O-O Qa5
9.Kb1 b5 10.h4 h5 11.g4 hxg4 12.Nd5 Qxd2 13.Nxe7+ Kh8 14.Rxd2 gxf3 15.h5 Nxh5
16.Rdh2 Bg4 17.Bh3 Ra7 18.Bxg4 Rxe7 19.Bxh5 gxh5 20.Nxf3 Rxe4 21.Rxh5+ Kg8
22.Bh6 Re6 23.Bxg7 Kxg7 24.Ng5 Rg6 25.Rh7+ Kf6 26.Nxf7 Rxf7 27.Rf1+ Ke6 28.Re1+ Kf6
29.Rf1+ Ke6 30.Rfxf7 bxc4 31.Rf8 Rg1+ 32.Kc2 Rg2+ 33.Kc3 Rg3+ 34.Kc2 Rg2+
35.Kc3 Rg3+ 36.Kxc4 d5+ 37.Kb4 c5+ 38.Kxc5 Nd7+ 39.Rxd7 Kxd7 40.Rf7+ Kc8
41.Rf2 Rg5 42.b4 Kc7 43.a4 Rg1 44.Rf7+ Kb8 45.Rd7 Rh1 46.Kb6 Rh6+ 47.Ka5 Rg6
48.Rxd5 Kc7 49.Rc5+ Kb7 50.Re5 Rg7 51.d5 Rd7 52.Rh5 Ka7 53.b5 axb5 54.axb5 Kb7
55.Re5 Rd8 56.Kb4 Ka7 57.Kc5 Rc8+ 58.Kd6 Kb6 59.Kd7 Rh8 60.d6 Rh7+ 61.Re7 Rh8
62.Rg7 Kxb5 63.Kc7 Rh5 64.d7 Rc5+ 65.Kd6  1-0

[Event "Lost Boys op"]
[Site "Antwerp"]
[Date "1999.08.05"]
[Round "6"]
[White "Van Wely, Loek"]
[Black "Shchekachev, Andrei"]
[Result "1/2-1/2"]
[WhiteElo "2629"]
[BlackElo "2505"]

1.d4 Nf6 2.c4 g6 3.Nc3 Bg7 4.e4 d6 5.Nf3 O-O 6.Be2 c5 7.O-O cxd4 8.Nxd4 Nc6
9.Be3 Re8 10.Rc1 Bd7 11.Re1 Nxd4 12.Bxd4 Bh6 13.Rc2 e5 14.Be3 Bxe3 15.fxe3 Bc6
16.Bd3 Qb6 17.Rf2 Nd7 18.Bb1 Qc5 19.a3 a5 20.Ba2 Rad8 21.Qd3 Rf8 22.Ref1 Nb6
23.Rf6 a4 24.R1f3 Be8 25.h4 Kg7 26.Kh2 h5 27.Rf2 Rc8 28.R2f3 Nxc4 29.Bxc4 Qxc4
30.Qxd6 Qc5 31.Qd2 Qc4 32.Qd5 Qxd5 33.exd5 Rc4 34.e4 b5 35.Rb6 f5 36.Re3 Rd4
37.exf5 Rxf5 38.Rb7+ Rf7 39.Rb8 Bd7 40.Rxe5 Rxh4+ 41.Kg1 Rd4 42.Nxb5 Bxb5
43.Rxb5 Rd1+ 44.Kh2 h4 45.Re4 Rff1 46.Kh3 Rh1+ 47.Kg4 Rd3 48.Kg5 Rg3+ 49.Rg4 Rxg4+
50.Kxg4 Rg1 51.Kf3 Rf1+ 52.Ke2 Rg1 53.Kf2 Rd1 54.Rb4 Rd2+ 55.Kf3 g5 56.Rxa4 Rxb2
57.Rd4 Kf7 58.d6 Ke8 59.Rg4 Rb3+ 60.Ke4 h3 61.Rxg5 hxg2 62.Rxg2 Rxa3 63.Kd5 Rd3+
64.Ke6 Re3+  1/2-1/2

[Event "Lost Boys op"]
[Site "Antwerp"]
[Date "1999.08.08"]
[Round "9"]
[White "Kobrin, Michael"]
[Black "Van Wely, Loek"]
[Result "1-0"]
[WhiteElo "2355"]
[BlackElo "2629"]

1.d4 Nf6 2.c4 g6 3.Nc3 d5 4.cxd5 Nxd5 5.Bd2 Bg7 6.e4 Nb6 7.Be3 O-O 8.Be2 e5
9.Nf3 exd4 10.Nxd4 Qe7 11.Qc2 N8d7 12.O-O Ne5 13.Nb3 Be6 14.Nb5 Rfc8 15.f4 Nec4
16.Bc5 Qd7 17.f5 gxf5 18.exf5 Bd5 19.Nc3 Bc6 20.Rad1 Qe8 21.f6 Ne3 22.Bxe3 Qxe3+
23.Rf2 Bxf6 24.Rd3 Qe5 25.Rg3+ Kf8 26.Qxh7 Ke7 27.Bh5 Qe1+ 28.Rf1 Qe6 29.Bxf7 Qxf7
30.Re3+ Kf8 31.Qh6+  1-0

[Event "Eu Team Ch"]
[Site "Batumi GEO"]
[Date "1999.12.06"]
[Round "7"]
[White "Van Wely,L"]
[Black "Minasian,Art"]
[Result "0-1"]
[WhiteElo "2629"]
[BlackElo "2600"]

1.d4 e6 2.c4 f5 3.g3 Nf6 4.Bg2 Be7 5.Nf3 d6 6.O-O O-O 7.Nc3 Qe8 8.Re1 Qg6
9.e4 Nxe4 10.Nxe4 fxe4 11.Rxe4 e5 12.Re1 Nc6 13.dxe5 Bg4 14.h3 Bxf3 15.Bxf3 dxe5
16.Be4 Qf6 17.Be3 Rad8 18.Qc2 h6 19.Rad1 Rxd1 20.Rxd1 Nd4 21.Bxd4 exd4 22.Bxb7 c6
23.Rd3 Qe6 24.Rxd4 Bc5 25.Rd2 a5 26.Kg2 Rb8 27.Ba6 Ra8 28.Re2 Qd7 29.Re5 Bd4
30.Rxa5 Rf8 31.f3 Qe7 32.h4 Qe1 33.Rf5 Re8 34.c5 Kh8 35.h5 Qg1+ 36.Kh3 Bf2  0-1

[Event "Internet Wch sf2 1st"]
[Site "Internet"]
[Date "1999.??.??"]
[Round "4"]
[White "Dlugy, Maxim"]
[Black "Van Wely, Loek"]
[Result "1-0"]
[WhiteElo "2531"]
[BlackElo "2636"]

1.d4 d6 2.c4 g6 3.Nc3 Bg7 4.e4 e5 5.dxe5 dxe5 6.Qxd8+ Kxd8 7.f4 Nc6 8.Nf3 Bg4
9.fxe5 Nxe5 10.Be2 Nf6 11.Nxe5 Bxe2 12.Kxe2 Re8 13.Nxf7+ Kc8 14.Ng5 h6 15.Nf3 g5
16.h3 g4 17.hxg4 Nxe4 18.Nxe4 Rxe4+ 19.Kd3 Rxg4 20.Bxh6 Bxb2 21.Be3 Bg7 22.Rag1 a5
23.Bd4 Ra6 24.Bxg7 Rxg7 25.Rh8+ Kd7 26.g4 Rd6+ 27.Ke4 Re7+ 28.Ne5+ Rxe5+
29.Kxe5 Re6+ 30.Kf5 Re2 31.g5 Rf2+ 32.Kg4 Rxa2 33.g6 Re2 34.g7 Re4+ 35.Kf5 Re8
36.Rxe8 Kxe8 37.g8=Q+  1-0

[Event "Internet Wch sf2 1st"]
[Site "Internet"]
[Date "1999.??.??"]
[Round "6"]
[White "Dlugy, Maxim"]
[Black "Van Wely, Loek"]
[Result "1-0"]
[WhiteElo "2531"]
[BlackElo "2636"]

1.d4 Nf6 2.c4 g6 3.Nc3 Bg7 4.e4 d6 5.f3 O-O 6.Be3 Nbd7 7.Bd3 c5 8.Nge2 a6
9.O-O Qa5 10.a3 Rb8 11.b4 cxb4 12.axb4 Qxb4 13.Qd2 Qb6 14.Rfb1 Qc7 15.Nf4 e6
16.Nfe2 b6 17.Na4 Bb7 18.Rc1 Bc6 19.Qb2 Rfc8 20.Nac3 h6 21.Rxa6 Bb7 22.Nb5 Qc6
23.Na7 Bxa6 24.Nxc6 Rxc6 25.Qa3 Bb7 26.Qb4 Rbc8 27.Nc3 Ba6 28.Nb5 d5 29.Na7 dxc4
30.Nxc6 Rxc6 31.Bxc4 Bf8 32.Qb3 b5 33.Bd3 Rxc1+ 34.Bxc1 e5 35.Bb2 exd4 36.Bxd4 Nc5
37.Bxc5 Bxc5+ 38.Kf1 Kg7 39.Bxb5 Bc8 40.Qc4 Nd7 41.Bxd7 Bxd7 42.Qxc5 Be6
43.Qd4+ Kh7 44.Qf6 h5 45.h4 Kg8 46.Kf2 Kf8 47.Kg3 Ke8 48.Kf4 Kd7 49.Ke5 Kc6
50.f4 Kc5 51.f5 gxf5 52.exf5 Bc4 53.Qe7+ Kb5 54.Kf6 Bb3 55.Ke5 Kc4 56.Qc7+ Kd3
57.Qc5 Bc4 58.Qd4+ Kc2 59.Qxc4+ Kd2 60.Ke4 Ke1 61.Qd3  1-0

[Event "Blitz Chess Marathon"]
[Site "Dordrecht NED"]
[Date "2000.02.12"]
[Round "15.2"]
[White "Knoppert,E"]
[Black "Van Wely,L"]
[Result "0-1"]
[WhiteElo "2313"]
[BlackElo "2646"]

1.e4 c5 2.Ne2 d6 3.Nbc3 Nf6 4.g3 g6 5.Bg2 Bg7 6.d3 O-O 7.O-O Nc6 8.h3 Rb8
9.f4 Bd7 10.g4 b5 11.Ng3 a5 12.Be3 a4 13.a3 Nd4 14.g5 Ne8 15.f5 Bc6 16.Rf2 Nc7
17.Qf1 Be5 18.Kh2 b4 19.axb4 Rxb4 20.Rb1 Qb8 21.Nd5 Bxd5 22.exd5 Rxb2 23.Rc1 a3
24.c3 Rxf2 25.Qxf2 Nxf5 26.Bf4 Qb2 27.Rc2 Bxf4  0-1

[Event "Blitz Chess Marathon"]
[Site "Dordrecht NED"]
[Date "2000.02.12"]
[Round "15.1"]
[White "Van Wely,L"]
[Black "Knoppert,E"]
[Result "0-1"]
[WhiteElo "2646"]
[BlackElo "2313"]

1.d4 Nf6 2.c4 c5 3.d5 b5 4.cxb5 a6 5.b6 d6 6.Nc3 Nbd7 7.e4 Nxb6 8.h3 g6 9.Nf3 Bg7
10.Be2 O-O 11.Bf4 a5 12.a4 Ba6 13.Bxa6 Rxa6 14.O-O Nfd7 15.Qe2 Qa8 16.Nb5 Qb7
17.Ra2 Rb8 18.b3 c4 19.bxc4 Nc5 20.Qc2 Rc8 21.Rb1 Qd7 22.e5 Ncxa4 23.exd6 Rxc4
24.Qd3 Rxf4 25.dxe7 Qxe7 26.Re2 Qd7 27.Nc7 Ra7 28.d6 Rxc7 29.Re7 Rc3 30.Qd2 Qf5
31.Rbe1 Rd3 32.Qa2 Rfxf3 33.gxf3 Rxd6 34.Re8+ Bf8 35.Qa3 Qc5 36.Qb3 Nc3 37.R1e5 Qc6
38.Rxa5 Rf6 39.Qb4 Qd6 40.Qxc3 Nd5 41.Rxd5 Qxd5 42.Qxf6 Qd1+ 43.Kg2 Qd5 44.Qd8 Qb5
45.h4 Qc5 46.h5 Kg7 47.Qd3 gxh5  0-1

[Event "Oz.com qualifier blitz"]
[Site "Internet ICC"]
[Date "2000.03.05"]
[Round "1"]
[White "Van Wely,L"]
[Black "Musanti,D"]
[Result "1-0"]
[WhiteElo "2646"]
[BlackElo "2285"]

1.d4 Nf6 2.c4 g6 3.Nc3 d5 4.Nf3 Bg7 5.Bg5 Ne4 6.cxd5 Nxg5 7.Nxg5 e6 8.Qd2 h6
9.Nf3 exd5 10.g3 O-O 11.Bg2 Qd6 12.O-O c6 13.Rab1 a5 14.a3 Be6 15.b4 axb4
16.axb4 b5 17.e3 Nd7 18.Ne2 Nb6 19.Nf4 Nc4 20.Qc3 Ra3 21.Rb3 Rxb3 22.Qxb3 Ra8
23.Nd3 Ra3 24.Qd1 Ra4 25.Nfe1 Bf5 26.g4 Be4 27.Bxe4 dxe4 28.Nc5 Rxb4 29.Nxe4 Qd5
30.Nd3 Ra4 31.Nc3 Qd8 32.Nxa4 bxa4 33.Qxa4 Nd2 34.Qxc6 Nxf1 35.Kxf1 Qh4 36.Qg2 Qg5
37.Qe4 Kh7 38.h3 Qb5 39.Kg1 Qg5 40.Ne5 Bxe5 41.Qxe5 Qh4 42.Kg2 Qd8 43.d5 Qd7
44.e4 Kg8 45.f3 Qb5 46.Qd4 g5 47.Qd2 Kf8 48.h4 f6 49.hxg5 hxg5 50.Kf2 Ke7
51.Qd4 Qb1 52.Qc5+ Kf7 53.Qc7+ Kg6 54.Qc3 Qa2+ 55.Ke3 Qa7+ 56.Kd3 Qa6+ 57.Kd2 Qa2+
58.Qc2 Qa5+ 59.Ke2 Qb5+ 60.Qd3 Qb2+ 61.Kf1 Qc1+ 62.Kg2 Qb2+ 63.Kf1 Qc1+ 64.Ke2 Qb2+
65.Qd2 Qb5+ 66.Kf2 Qc5+ 67.Kg2 Qd6 68.Qc2 Kg7 69.Qb2 Kg6 70.Qc2 Kg7 71.Qc6 Qf4
72.Qd7+ Kh6 73.Qf5 Qd2+ 74.Kh3 Qc3 75.e5 fxe5 76.Qf6+ Kh7 77.Qf7+ Kh6 78.Qh5+ Kg7
79.Qxg5+ Kf7 80.Qf5+ Ke7 81.g5 Qa1 82.Kg4 Qg1+ 83.Kh5 Qh2+ 84.Kg6 Qg3 85.Qe6+  1-0

[Event "Oz.com qualifier blitz"]
[Site "Internet ICC"]
[Date "2000.03.05"]
[Round "2"]
[White "Silva Sanchez,C"]
[Black "Van Wely,L"]
[Result "1/2-1/2"]
[WhiteElo "2407"]
[BlackElo "2646"]

1.d4 Nf6 2.Nf3 d5 3.c4 c6 4.Nc3 dxc4 5.Ne5 Nbd7 6.Nxc4 b5 7.Ne5 b4 8.Nxd7 Qxd7
9.Na4 e6 10.e3 Qd5 11.Qb3 Be7 12.f3 O-O 13.Bd2 Rb8 14.Rc1 Rd8 15.Qxd5 cxd5
16.Bd3 Nd7 17.Rc7 Rb7 18.Rc1 Bd6 19.Kf2 Rb8 20.b3 Bb7 21.Rc2 Rdc8 22.Rhc1 Rxc2
23.Rxc2 Kf8 24.h3 Ke7 25.Nc5 Bxc5 26.dxc5 Ne5 27.Be2 Bc6 28.Bc1 f6 29.Bb2 Nd7
30.f4 h6 31.g4 a5 32.h4 a4 33.g5 hxg5 34.hxg5 axb3 35.axb3 Ra8 36.gxf6+ gxf6
37.Bc1 Ra1 38.Bd2 Rb1 39.Bxb4 Rxb3 40.Bd2 e5 41.Bg4 d4 42.Bxd7 Kxd7 43.fxe5 fxe5
44.exd4 exd4 45.Rc4 d3 46.Rd4+ Kc7 47.Ke3 Bb5 48.Rb4 Rxb4 49.Bxb4 Kc6  1/2-1/2

[Event "Oz.com qualifier blitz"]
[Site "Internet ICC"]
[Date "2000.03.05"]
[Round "4"]
[White "Van de Mortel,J"]
[Black "Van Wely,L"]
[Result "0-1"]
[WhiteElo "2403"]
[BlackElo "2646"]

1.Nf3 Nf6 2.d4 g6 3.c4 Bg7 4.Nc3 d5 5.Bg5 Ne4 6.cxd5 Nxg5 7.Nxg5 e6 8.Qd2 h6
9.Nh3 exd5 10.Qe3+ Kf8 11.Nf4 c5 12.dxc5 d4 13.Qd2 g5 14.Nh5 Nc6 15.Nxg7 Kxg7
16.Nb5 Re8 17.O-O-O Re5 18.Nxd4 Rxc5+ 19.Kb1 Rd5 20.e3 Nxd4 21.exd4 Qf6 22.Bc4 Bf5+
23.Ka1 Rd6 24.d5 Rc8 25.Bb3 Rb6 26.Qd4 Rc1+ 27.Rxc1 Qxd4 28.Rhd1 Qe5 29.Re1 Qd6
30.Bc4 Qb4 31.Re2 Qc5 32.g4 Bxg4 33.Rec2 Bf5 34.Bd3 Qxd5  0-1

[Event "Oz.com qualifier blitz"]
[Site "Internet ICC"]
[Date "2000.03.05"]
[Round "6"]
[White "Kogan,A"]
[Black "Van Wely,L"]
[Result "1-0"]
[WhiteElo "2483"]
[BlackElo "2646"]

1.e4 c5 2.Nc3 d6 3.Nf3 Nf6 4.g3 Nc6 5.Bg2 e6 6.O-O Be7 7.d3 O-O 8.h3 Rb8
9.a4 a6 10.Nh2 b5 11.axb5 axb5 12.f4 b4 13.Ne2 Bb7 14.g4 Ra8 15.Rb1 Nd7 16.g5 e5
17.h4 exf4 18.Nxf4 Nce5 19.Ng4 Nxg4 20.Qxg4 Ne5 21.Qg3 Ra2 22.Nh5 Ng6 23.Kh1 Qd7
24.Nf6+ gxf6 25.gxf6 Bd8 26.h5 Qe6 27.hxg6 hxg6 28.Bg5 Bc8 29.Rf4 b3 30.c4 Qe5
31.Qh4 Rxb2 32.Rxb2 Qxb2 33.Qh6 Qc1+ 34.Rf1 Qxg5 35.Qg7+  1-0

[Event "Oz.com qualifier blitz"]
[Site "Internet ICC"]
[Date "2000.03.05"]
[Round "7"]
[White "Van Wely,L"]
[Black "Ritter,M"]
[Result "1/2-1/2"]
[WhiteElo "2646"]
[BlackElo "2415"]

1.d4 Nf6 2.c4 d6 3.Nf3 Nbd7 4.Nc3 e5 5.e4 Be7 6.Be2 c6 7.O-O Qc7 8.Be3 O-O
9.Rc1 Ng4 10.Bd2 Re8 11.b4 a5 12.a3 axb4 13.axb4 Nf8 14.d5 Ng6 15.g3 Nf6
16.dxc6 bxc6 17.b5 h6 18.Re1 Nf8 19.Nh4 Ne6 20.Be3 c5 21.Ra1 Bd7 22.Rxa8 Rxa8
23.Nf5 Bf8 24.Bc1 Nd4 25.Ne3 Be6 26.Bb2 Be7 27.Bd3 Bd8 28.f3 g6 29.Rf1 Qa5
30.Rf2 Qa7 31.Kg2 Qd7 32.Kg1 Ba5 33.Bf1 Bb4 34.Ba1 Ra7 35.Ra2 Rxa2 36.Nxa2 Ba5
37.Kf2 Qa7 38.Nc3 h5 39.Qa4 Qb6 40.h4 Kg7 41.Bb2 Kf8 42.Bd3 Ke7 43.Bf1 Kd7
44.Bd3 Ke7 45.Ne2 Qa7 46.Bc3 Bb6 47.Qxa7+ Bxa7 48.Ba5 Kd7 49.Nd5 Bxd5 50.exd5 Nb3
51.Bd2 Bb6 52.Ke1 Nxd2 53.Kxd2 Ba5+ 54.Ke3 Ke7 55.f4 Ng4+ 56.Kf3 f5 57.Ng1 e4+
58.Bxe4 fxe4+ 59.Kxe4 Kf6 60.Nf3 Nh6 61.Ng5 Nf5 62.Kf3 Nd4+ 63.Ke4 Nf5 64.Kf3 Nd4+
65.Ke4 Ne2 66.Kf3 Nd4+  1/2-1/2

[Event "Amber Rapidplay"]
[Site "Monaco MNC"]
[Date "2000.03.18"]
[Round "3"]
[White "Ljubojevic,L"]
[Black "Van Wely,L"]
[Result "1/2-1/2"]
[WhiteElo "2559"]
[BlackElo "2646"]

1.d4 Nf6 2.c4 e6 3.Nf3 d5 4.Nc3 dxc4 5.Qa4+ Nbd7 6.e4 a6 7.Bxc4 Rb8 8.Qc2 b5
9.Be2 Bb7 10.e5 Nd5 11.O-O c5 12.dxc5 Nxc5 13.Bg5 Qd7 14.Nxd5 Bxd5 15.Rac1 Qb7
16.Rfd1 Ne4 17.Be3 Be7 18.Nd4 Nc5 19.Bf3 Bxf3 20.Nxf3 Na4 21.Nd4 Nc5 22.b4 Na4
23.Qc6+ Qxc6 24.Nxc6 Rc8 25.Nxe7 Kxe7 26.Rxc8 Rxc8 27.Rd6 Rc2 28.h4 Rxa2
29.Rxa6 Rb2 30.Ra7+ Ke8 31.Ra8+ Kd7 32.Ra7+ Ke8 33.Bg5 h6 34.Be7 Nc3 35.Bc5 Ne4
36.Re7+ Kf8 37.Rb7+ Nxc5 38.bxc5 Ke8 39.c6 Rc2 40.Rb8+ Ke7 41.Rb7+ Ke8 42.Rb8+ Ke7
43.Rb7+  1/2-1/2